000 00837cam a2200289 4500
001 M1710
008 090401t1995 xxu||||| |||| 00| 0 eng d
035 _a(Sirsi) u33895
041 _aeng
050 _a333.0072
090 _aRICS 1995/15A
110 _aRoyal Institution of Chartered Surveyors
_94900
245 4 _aThe RICS Education Trust: guidance for applicants to the RICS Education Trust.
260 _aLondon
_bRICS
_c1995
300 _a5p. ; 30cm.
350 _a0
490 _aRICS Research Guidance
650 _aGUIDANCE NOTES
650 _aPROFESSIONAL DEVELOPMENT
650 _aRESEARCH
650 _aRICS EDUCATION TRUST
650 _aRICS RESEARCH GUIDANCE
650 _aRICS RESEARCH PROGRAMME
690 _aMANAGEMENT-BUSINESS MANAGEMENT-PROFESSIONAL PRACTICE
942 _n0
948 _c04/03/1997
999 _c89869
_d89869